[Event "Sparkassen Open A"]
[Site "Dortmund GER"]
[Date "2012.07.21"]
[Round "8.27"]
[White "Simanowski,Mio"]
[Black "Hecht,C"]
[Result "0-1"]
[WhiteElo "1858"]
[BlackElo "2050"]

1.e4 c5 2.Nf3 e6 3.d4 cxd4 4.Nxd4 Nc6 5.Nc3 Qc7 6.Be2 a6 7.O-O Nf6 8.Be3 Be7
9.f4 d6 10.Qe1 O-O 11.Qg3 Nxd4 12.Bxd4 b5 13.e5 dxe5 14.Bxe5 Qb6+ 15.Kh1 Bb7
16.Bd3 g6 17.Qh4 Qc6 18.Qh3 b4 19.Ne2 Nd7 20.Nd4 Qd5 21.Nf3 Nxe5 22.Nxe5 Bf6
23.Bc4 Qc5 24.Nd7 Qxc4 25.Nxf6+ Kg7 26.Nd7 Rfd8 27.Nb6 Qxc2 28.Rac1 Qxb2
29.Rc7 Ra7 30.Rfc1 Qd4 31.Rxf7+ Kxf7 32.Rc7+ Kf8 33.Qh6+ Ke8  0-1

[Event "GER-POL w Match 2012"]
[Site "Gladenbach GER"]
[Date "2012.07.21"]
[Round "5.2"]
[White "Socko,M"]
[Black "Melamed,T"]
[Result "1/2-1/2"]
[WhiteElo "2481"]
[BlackElo "2341"]

1.e4 c5 2.Nf3 e6 3.d4 cxd4 4.Nxd4 Nc6 5.Nc3 Qc7 6.Be2 a6 7.Be3 Nf6 8.O-O Bb4
9.Nxc6 bxc6 10.Qd4 c5 11.Qc4 Bb7 12.a3 d5 13.exd5 exd5 14.Qh4 Bxc3 15.bxc3 O-O
16.Rab1 Rfe8 17.Bd3 Qc6 18.Bxc5 Qxc5 19.Rxb7 Qxc3 20.Rb6 h6 21.Qh3 Ne4 22.Rb7 Qf6
23.Rd7 Rad8 24.Rxd8 Rxd8 25.Qe3 Re8 26.Re1 g6 27.Qa7 Kg7 28.h3 Qc3 29.Re2 Re6  1/2-1/2

[Event "Turkish Bank Chess League 2012"]
[Site "Konya TUR"]
[Date "2012.07.21"]
[Round "12"]
[White "Dastan,B"]
[Black "Yilmaz,M"]
[Result "0-1"]
[WhiteElo "2310"]
[BlackElo "2543"]

1.e4 c5 2.Nf3 Nc6 3.d4 cxd4 4.Nxd4 e6 5.Nc3 Qc7 6.Be3 a6 7.Be2 Nf6 8.O-O Be7
9.f4 d6 10.Qe1 O-O 11.Qg3 Bd7 12.Rad1 Nxd4 13.Bd3 Rad8 14.a4 Qb8 15.e5 dxe5  0-1

[Event "5th Paleochora Open"]
[Site "Paleochora GRE"]
[Date "2012.07.21"]
[Round "7.14"]
[White "Fernandez,Dan SIN"]
[Black "Filip,L"]
[Result "0-1"]
[WhiteElo "2349"]
[BlackElo "2481"]

1.e4 c5 2.Nf3 e6 3.d4 cxd4 4.Nxd4 Nc6 5.Nc3 Qc7 6.Be2 Nf6 7.O-O Be7 8.Ndb5 Qb8
9.a4 O-O 10.g3 d6 11.Bf4 Rd8 12.Qd2 a6 13.Na3 Ne5 14.Nc4 Nxc4 15.Bxc4 Bd7
16.Rfe1 Bc6 17.Nd5 Bxd5 18.exd5 e5 19.Be3 Qc7 20.Qb4 Rac8 21.Bb3 Rf8 22.Bb6 Qd7
23.Kg2 Bd8 24.Ba7 a5 25.Qb5 b6 26.Qe2 Qxa7 27.g4 Qe7 28.c3 Nd7 29.Bc2 g6
30.Rad1 Qh4 31.Rd3 Rc4 32.Bd1 Nf6 33.Rg3 Re4 34.Qxe4 Nxe4 35.Rxe4 Qg5 36.Re2 Qf4
37.h3 Qc4 38.Rd2 Bg5 39.b3 Qc5 40.Rdd3 Bf4  0-1

[Event "23rd Czech Open A"]
[Site "Pardubice CZE"]
[Date "2012.07.21"]
[Round "2.9"]
[White "Kriebel,T"]
[Black "Cvek,R"]
[Result "0-1"]
[WhiteElo "2393"]
[BlackElo "2549"]

1.e4 c5 2.Nf3 e6 3.d4 cxd4 4.Nxd4 Nc6 5.Nc3 Qc7 6.Be2 Nf6 7.a3 a6 8.Be3 b5
9.O-O Bb7 10.f4 Bc5 11.Bf3 e5 12.fxe5 Qxe5 13.Nce2 Nxd4 14.Bxd4 Bxe4 15.Kh1 Bxd4
16.Qxd4 Qxd4 17.Nxd4 d5 18.a4 b4 19.a5 Kd7 20.Ra4 Bxf3 21.Rxf3 Rab8 22.h3 Rhc8
23.Nf5 Rxc2 24.Nxg7 Ne4 25.Rxf7+ Kc6 26.b3 Nc5 27.Rf6+ Kb5 28.Rb6+ Rxb6 29.axb6 a5
30.b7 Nxb7 31.Nf5 Rc1+ 32.Kh2 Nc5 33.Nd4+ Kb6 34.Ra2 Rd1  0-1

[Event "23rd Czech Open A"]
[Site "Pardubice CZE"]
[Date "2012.07.21"]
[Round "2.66"]
[White "Aguettaz,M"]
[Black "Jeitz,C"]
[Result "1/2-1/2"]
[WhiteElo "2420"]
[BlackElo "2212"]

1.e4 c5 2.Nf3 Nc6 3.d4 cxd4 4.Nxd4 e6 5.Nc3 a6 6.Nxc6 bxc6 7.Bd3 d5 8.O-O Nf6
9.Re1 Be7 10.e5 Nd7 11.Qg4 g6 12.Bh6 Rb8 13.b3 Bb4 14.Na4 Bxe1 15.Rxe1 Qa5
16.Qe2 Ra8 17.h4 Qc7 18.Qe3 a5 19.Bg7 Rg8 20.Qh6 Nf8 21.Bxf8 Rxf8 22.Qxh7 Qe7
23.Qh6 Ba6 24.g3 Bb5 25.Nb2 Bxd3 26.Nxd3 c5 27.Qe3 Rc8 28.c4 d4 29.Qd2 Qa7
30.f4 f5 31.exf6 Rxf6 32.Ne5 Qb6 33.Qd3 a4 34.h5 axb3 35.axb3 Qa5 36.Rd1 Rc7
37.hxg6 Qa2 38.Qf3 Kf8 39.Rf1 Qc2 40.Qh5 Kg8 41.Ra1 Qe4 42.Ng4 Rxg6 43.Ra8+ Qxa8
44.Qxg6+ Rg7 45.Qxe6+ Kh8 46.Qb6 Rh7 47.Qf6+ Rg7 48.Qh6+ Rh7 49.Qf6+ Rg7  1/2-1/2

[Event "23rd Czech Open A"]
[Site "Pardubice CZE"]
[Date "2012.07.21"]
[Round "2.8"]
[White "Ponizil,C"]
[Black "Arutinian,D"]
[Result "0-1"]
[WhiteElo "2396"]
[BlackElo "2556"]

1.e4 c5 2.Nf3 e6 3.d4 cxd4 4.Nxd4 Nc6 5.Nc3 Qc7 6.Be2 a6 7.O-O Nf6 8.Be3 Be7
9.f4 d6 10.Kh1 O-O 11.a4 Re8 12.Bf3 Rb8 13.g4 Nxd4 14.Bxd4 e5 15.fxe5 dxe5
16.Ba7 Ra8 17.g5 Rxa7 18.gxf6 Bxf6 19.Nd5 Qc6 20.Bh5 Be6 21.Rxf6 gxf6 22.Qg1+ Kh8
23.Nxf6 Bf5 24.Bf3 Qxf6 25.Qxa7 Bg6 26.Qe3 Qc6 27.h4 Qf6 28.Kg2 Qxh4 29.Rh1 Qf6
30.a5 Qc6 31.c3 Qa4 32.b4 Qa2+ 33.Kh3 Qe6+ 34.Kg2 Qa2+ 35.Kh3 Rd8 36.Rd1 Re8
37.Rd6 Qc4 38.Kg2 Rc8 39.Rd5 Qxc3 40.Qxc3 Rxc3 41.Rd7 Rc4 42.Rxb7 Kg7 43.b5 axb5
44.Rxb5 Kf6 45.a6 Ra4 46.Rb6+ Kg5 47.Kg3 h5 48.Bg2 f6 49.Kf2 Bxe4 50.Bxe4 Rxe4
51.a7 Ra4 52.Rb7 Ra3  0-1

[Event "2nd Science Park Open A"]
[Site "Amsterdam NED"]
[Date "2012.07.22"]
[Round "9"]
[White "Diaz Herrero,A"]
[Black "Losekoot,P"]
[Result "1/2-1/2"]
[WhiteElo "2137"]
[BlackElo "2084"]

1.e4 c5 2.Nf3 e6 3.d4 cxd4 4.Nxd4 Nc6 5.Nc3 Qc7 6.Be3 a6 7.Bd3 Nf6 8.O-O Nxd4
9.Bxd4 Bc5 10.Bxc5 Qxc5 11.Kh1 d6 12.f4 Bd7 13.Qe2 e5 14.Nd5 Nxd5 15.exd5 O-O
16.f5 f6 17.Rab1  1/2-1/2

[Event "30th Andorra Open"]
[Site "Andorra la Vella AND"]
[Date "2012.07.22"]
[Round "2.8"]
[White "Hoolt,S"]
[Black "Solodovnichenko,Y"]
[Result "0-1"]
[WhiteElo "2272"]
[BlackElo "2598"]

1.e4 c5 2.Nf3 e6 3.d4 cxd4 4.Nxd4 Nc6 5.Nc3 d6 6.h3 a6 7.Be3 Bd7 8.g4 Rc8
9.f4 Be7 10.g5 h6 11.Nxc6 Bxc6 12.Rg1 hxg5 13.fxg5 Qa5 14.Qg4 Bd7 15.O-O-O Rxc3
16.bxc3 e5 17.Qf3 Qxc3 18.Rd3 Qa1+ 19.Kd2 Qxa2 20.Rb3 b5 21.Bb6 d5 22.exd5 Bd6
23.g6 f5 24.Qc3 Nf6 25.Bg2 b4 26.Qa1 Qxa1 27.Rxa1 Bb5 28.Bf1 Ne4+ 29.Ke1 Bxf1
30.Kxf1 Nd2+ 31.Kg2 Nxb3 32.Rxa6 Rh6 33.Ra8+ Ke7 34.Bd8+ Kd7 35.Bg5 Rxg6  0-1

[Event "27th Avoine Open"]
[Site "Avoine FRA"]
[Date "2012.07.22"]
[Round "2.27"]
[White "Marholev,D"]
[Black "Gallant,A"]
[Result "1/2-1/2"]
[WhiteElo "2356"]
[BlackElo "2054"]

1.e4 c5 2.Nc3 e6 3.Nge2 Nc6 4.d4 cxd4 5.Nxd4 d6 6.Bc4 Nf6 7.Bb3 Be7 8.Be3 O-O
9.Qe2 a5 10.O-O-O Bd7 11.Ndb5 Qb8 12.g4 Rc8 13.g5 Ne8 14.f4 Nb4 15.a3 Na6
16.Na4 Nac7 17.Nbc3 b5 18.Nb6 Bc6 19.Nxc8 Qxc8 20.Bd4 Qb7 21.Rhe1 a4 22.Ba2 Rb8
23.Nb1 b4 24.axb4 Qxb4 25.Bc3 Qb7 26.Na3 d5 27.e5 g6 28.h4 Ng7 29.h5 Nxh5
30.Qe3 Ng7 31.Qh3 Nf5 32.Re2  1/2-1/2

[Event "ch-Oklahoma State 2012"]
[Site "Broken Arrow USA"]
[Date "2012.07.22"]
[Round "5.5"]
[White "Nugent,M"]
[Black "Temple,J"]
[Result "1-0"]
[WhiteElo "1947"]
[BlackElo "1874"]

1.e4 c5 2.Nf3 e6 3.d4 cxd4 4.Nxd4 Nc6 5.Nc3 Qc7 6.Ndb5 Qb8 7.Be3 a6 8.Bb6 axb5
9.Nxb5 Bb4+ 10.c3 Ba5 11.Nc7+ Qxc7 12.Bxc7 Bxc7 13.Bd3 Nf6 14.h3 O-O 15.O-O d5
16.exd5 Nxd5 17.Qc2 Nf6 18.Rfe1 Ne5 19.Bf1 Bd7 20.a4 Bc6 21.b4 b6 22.c4 Rac8
23.c5 bxc5 24.b5 Bd5 25.a5 Bd6 26.a6 Bc7 27.b6 Nf3+ 28.gxf3 Bxb6 29.Bg2 Ba7
30.f4 Bxg2 31.Kxg2 Nd5 32.Kf3 c4 33.Rab1 Rc6 34.Qa4 Rfc8 35.Rb7 Nb6 36.Qc2 Ra8
37.Rd1 Nd5 38.Qa4 Rcc8 39.Qd7  1-0

[Event "Turkish Bank Chess League 2012"]
[Site "Konya TUR"]
[Date "2012.07.22"]
[Round "13"]
[White "Firat,B"]
[Black "Kulaots,K"]
[Result "1/2-1/2"]
[WhiteElo "2408"]
[BlackElo "2570"]

1.e4 c5 2.Nf3 e6 3.d4 cxd4 4.Nxd4 Nc6 5.Nc3 Qc7 6.g3 a6 7.Bg2 Nf6 8.O-O Bc5
9.Bf4 e5 10.Nb3 exf4 11.Nxc5 fxg3 12.hxg3 d6 13.Nd3 Be6 14.Nd5 Bxd5 15.exd5 Ne7
16.Re1 O-O 17.c4 Ng6 18.Rc1 h5 19.c5 h4 20.c6 hxg3 21.fxg3 bxc6 22.dxc6 d5
23.Qf3 Rae8 24.Rxe8 Rxe8 25.Nf4 Ne7 26.Qe3 Rb8 27.Kh1 Rd8 28.Qb3 Rb8 29.Qe3 Rd8
30.Qb3 Rb8  1/2-1/2

[Event "23rd Czech Open A"]
[Site "Pardubice CZE"]
[Date "2012.07.22"]
[Round "3.36"]
[White "Osmanodja,F"]
[Black "Bryzgalin,K"]
[Result "0-1"]
[WhiteElo "2199"]
[BlackElo "2490"]

1.e4 c5 2.Nf3 e6 3.d4 cxd4 4.Nxd4 Nc6 5.Nc3 Qc7 6.Be2 a6 7.O-O b5 8.Nxc6 Qxc6
9.Bf3 Bb7 10.Bf4 Ne7 11.Bd6 Ng6 12.e5 Qb6 13.Bxf8 Rxf8 14.Bxb7 Qxb7 15.Qd4 Qa7
16.Qe4 Rc8 17.a4 Rc4 18.Qe2 Nf4 19.Qf3 Qc5 20.axb5 axb5 21.Ra5 Rb4 22.Rd1 Ke7
23.Qb7 Rd4 24.Rxd4 Qxd4 25.Qxb5 Rc8 26.Ra4 Qd2 27.Qb4+ Ke8 28.h3 Ng6 29.Ne4 Qxb4
30.Rxb4 Rxc2 31.f4 Ke7 32.g3 f6 33.exf6+ gxf6 34.Rb7 f5 35.Ng5 h6 36.Nf3 Kd8
37.b4 Kc8 38.Rb5 Rb2 39.Nd4 h5 40.Rc5+ Kd8 41.h4 Rxb4 42.Nxf5 exf5 43.Rxf5 Ke7
44.Rxh5 Rb2 45.Rg5 Kf6 46.h5 Ne7 47.h6 Rb8 48.Re5 d6 49.Ra5 Kg6 50.Ra7 Nf5
51.Rd7 Kxh6 52.Kf2 Kh5 53.Rf7 Kg4 54.Rf6 Rb2+ 55.Ke1 d5 56.Rg6+ Kf3 57.g4 Ne3  0-1

[Event "23rd Czech Open A"]
[Site "Pardubice CZE"]
[Date "2012.07.22"]
[Round "3.72"]
[White "Motycakova,M"]
[Black "Strunski,A"]
[Result "0-1"]
[WhiteElo "2129"]
[BlackElo "2366"]

1.e4 c5 2.Nf3 e6 3.d4 cxd4 4.Nxd4 Nc6 5.Nc3 a6 6.Be2 Qc7 7.O-O Nf6 8.Be3 Bb4
9.Na4 Bd6 10.g3 b5 11.Nxc6 Qxc6 12.Nb6 Rb8 13.Nxc8 Rxc8 14.Bf3 e5 15.c3 Bc5
16.Qd3 Bxe3 17.Qxe3 Qc5 18.Qd3 O-O 19.a4 Qb6 20.axb5 axb5 21.Rfd1 Rc6 22.Be2 b4
23.c4 h6 24.h4 d6 25.Ra4 Nd7 26.Qd2 Rb8 27.Qd5 Qc7 28.Qa5 Nc5 29.Qxc7 Rxc7
30.Ra5 Nxe4 31.Bf3 Rxc4 32.Bxe4 Rxe4 33.Rxd6 Re2 34.b3 e4 35.Re5 Rc8 36.h5 Rc1+
37.Kg2 Rcc2 38.Rd8+ Kh7 39.Ree8 Rxf2+ 40.Kg1 g5 41.hxg6+ Kxg6 42.Rxe4 Rg2+
43.Kf1 Rh2 44.Kg1 Rcg2+ 45.Kf1 Rb2 46.Kg1 Rhc2 47.Rg4+ Kh7 48.Rd1 Rxb3 49.Rf1 Rc7
50.Kg2 Rb7 51.Rd1 Rc3 52.Rd8 b3 53.Rgg8 b2 54.Rh8+ Kg6 55.Rdg8+ Kf5  0-1

[Event "ch-AUT 2012"]
[Site "Zwettl AUT"]
[Date "2012.07.22"]
[Round "2.4"]
[White "Poetz,F"]
[Black "Denk,A"]
[Result "1-0"]
[WhiteElo "2415"]
[BlackElo "2272"]

1.e4 c5 2.Nf3 e6 3.d4 cxd4 4.Nxd4 Nc6 5.Nc3 Qc7 6.Be2 a6 7.O-O b5 8.Nxc6 dxc6
9.f4 b4 10.Nb1 Nf6 11.Nd2 Bc5+ 12.Kh1 O-O 13.e5 Nd5 14.Ne4 Be7 15.Bd3 g6
16.Qf3 a5 17.c4 bxc3 18.bxc3 f5 19.exf6 Nxf6 20.Nxf6+ Rxf6 21.Qe4 Rb8 22.Be3 Bd6
23.Bc4 c5 24.f5 gxf5 25.Rxf5 Rxf5 26.Qxf5 Qf7 27.Qg5+ Qg7 28.Qd8+ Qf8 29.Qh4 Rb7
30.Bh6 Qf5 31.Qd8+ Bf8 32.Rf1 Rb1 33.Bc1 Qxf1+ 34.Bxf1  1-0

[Event "Corporation Centre Cup A"]
[Site "Izhevsk RUS"]
[Date "2012.07.23"]
[Round "8"]
[White "Matinian,N"]
[Black "Grigoriants,S RUS"]
[Result "1/2-1/2"]
[WhiteElo "2425"]
[BlackElo "2575"]

1.e4 c5 2.Nf3 e6 3.d4 cxd4 4.Nxd4 Nc6 5.Nc3 a6 6.Nxc6 bxc6 7.Bd3 d5 8.O-O Nf6
9.Re1 Be7 10.e5 Nd7 11.Qg4 g6 12.Na4 h5 13.Qe2 Nb6 14.Nxb6 Qxb6 15.c4 Bb7
16.Rb1 a5 17.Qc2 c5 18.cxd5 Bxd5 19.b3 Qc6 20.Be4 Rd8 21.h3 Bxe4 22.Rxe4 Rd1+
23.Qxd1 Qxe4 24.Ba3 O-O 25.Qe1 Qxe1+ 26.Rxe1 Rd8 27.Kf1 Rd2 28.Re2 Rd1+ 29.Re1 Rd2
30.Re2 Rd1+ 31.Re1 Rd2  1/2-1/2

[Event "23rd Czech Open A"]
[Site "Pardubice CZE"]
[Date "2012.07.23"]
[Round "4.3"]
[White "Zaslavsky,M"]
[Black "Arutinian,D"]
[Result "1/2-1/2"]
[WhiteElo "2441"]
[BlackElo "2556"]

1.e4 c5 2.Nf3 e6 3.d4 cxd4 4.Nxd4 Nc6 5.Nc3 Qc7 6.Be2 a6 7.Be3 Nf6 8.O-O Be7
9.f4 d6 10.Bf3 O-O 11.Qe1 Nxd4 12.Bxd4 e5 13.Be3 exf4 14.Bxf4 Be6 15.Kh1 Nd7
16.Rd1 Ne5 17.Be2 Qb6 18.Qg3 Rac8 19.Rb1 Qa5 20.Bd2 Qd8 21.Rbd1 Bh4 22.Qe3 Qe7
23.Bd3 Bf6 24.Be2 Nd7 25.Be1 Be5 26.Bg3 Rc6 27.Bxe5 Nxe5 28.Rd2 Rd8 29.Rfd1 h6
30.Kg1 Qg5 31.Qf2 Ng6 32.Kh1 Qa5 33.a3 Ne5 34.Kg1 Qb6 35.Qxb6 Rxb6 36.Na4 Rc6
37.Kf2 Kf8 38.b3 b5 39.Nb2 Rdc8 40.c4 bxc4 41.Nxc4 Bxc4 42.Bxc4 Nxc4 43.bxc4 Rxc4
44.Rxd6 Ra4 45.R1d3 Re8 46.Kf3 Rexe4  1/2-1/2

[Event "23rd Czech Open A"]
[Site "Pardubice CZE"]
[Date "2012.07.23"]
[Round "4.80"]
[White "Pacher,M"]
[Black "Folk,P"]
[Result "0-1"]
[WhiteElo "2437"]
[BlackElo "2233"]

1.e4 c5 2.Nf3 e6 3.d4 cxd4 4.Nxd4 Nc6 5.Nc3 Qc7 6.g3 a6 7.Bg2 d6 8.Nxc6 bxc6
9.O-O Nf6 10.Na4 Bb7 11.c4 c5 12.Qe2 Be7 13.b3 O-O 14.Bb2 Nd7 15.Rad1 Rad8
16.Rfe1 Rfe8 17.e5 Nxe5 18.Bxe5 dxe5 19.Bxb7 Qxb7 20.Qxe5 Qc6 21.Nc3 Bf6
22.Qe4 Qxe4 23.Nxe4 Bd4 24.Kg2 h6 25.f4 a5 26.Rd3 f5 27.Nf2 Bxf2 28.Rxd8 Rxd8
29.Kxf2 Rd2+ 30.Re2 Rxe2+ 31.Kxe2 e5 32.fxe5 Kf7 33.h4 g5 34.g4 Ke6 35.hxg5 hxg5
36.gxf5+ Kxe5 37.Ke3 Kxf5 38.Kf3 g4+ 39.Kg3 Kg5 40.a3 Kf5 41.Kg2 Ke4 42.Kg3 Kd4  0-1

[Event "23rd Czech Open A"]
[Site "Pardubice CZE"]
[Date "2012.07.23"]
[Round "4.61"]
[White "Pecha,T"]
[Black "Obodchuk,A"]
[Result "1/2-1/2"]
[WhiteElo "2263"]
[BlackElo "2399"]

1.e4 c5 2.Nf3 e6 3.d4 cxd4 4.Nxd4 Nc6 5.Nc3 Qc7 6.Be2 a6 7.Be3 Nf6 8.a3 d6
9.O-O Bd7 10.Nb3 Be7 11.f4 b5 12.Bf3 Rb8 13.g4 h6 14.Qe2 Nh7 15.Rae1 O-O
16.Qg2 b4 17.axb4 Nxb4 18.Nd4 e5 19.Nf5 Bxf5 20.exf5 exf4 21.Bxf4 Bf6 22.Ne4 Be5
23.Bxe5 dxe5 24.g5 hxg5 25.Nxg5 Nxg5 26.Qxg5 Rb6 27.Be4 Qc5+ 28.Kh1 f6 29.Qg2 Rd8
30.Rg1 Rd7 31.Rd1 Rbd6 32.Rxd6 Qxd6 33.h4 Kf8 34.Qf3 Qd2 35.Qh5 Qh6 36.Qxh6 gxh6
37.Rg6 Kf7 38.c3 Nd3 39.Bxd3 Rxd3 40.Rxh6 Rd1+ 41.Kg2 Rd2+ 42.Kf3 Rxb2 43.Rh7+ Kf8
44.Ra7 Rc2  1/2-1/2

[Event "23rd Czech Open A"]
[Site "Pardubice CZE"]
[Date "2012.07.23"]
[Round "4.50"]
[White "Folkova,M"]
[Black "Michiels,B"]
[Result "0-1"]
[WhiteElo "2146"]
[BlackElo "2515"]

1.e4 c5 2.Nf3 Nc6 3.d4 cxd4 4.Nxd4 e6 5.Nc3 Qc7 6.Be2 a6 7.O-O b5 8.Nxc6 dxc6
9.f4 Bb7 10.a4 Bc5+ 11.Kh1 Ne7 12.Qd3 O-O 13.Qh3 b4 14.Nb1 a5 15.Nd2 Rfd8
16.f5 exf5 17.exf5 Bc8 18.Bd3 Nd5 19.Ne4 Bd4 20.Qh4 f6 21.Ng5 fxg5 22.Qxd4 h6
23.Qf2 Ba6 24.Bxa6 Rxa6 25.h4 gxh4 26.Qxh4 c5 27.c4 Nf6 28.Bf4 Qf7 29.Be3 Re8
30.Qh3 Rd6 31.Bxc5 Rc6 32.Bf2 Rxc4 33.Rac1 Ng4 34.Bh4 Rxc1 35.Rxc1 Qxf5 36.Qb3+ Kh8
37.Qf3 Qh5 38.g3 Re3 39.Qf8+ Kh7 40.Rc5 Re1+  0-1

[Event "ch-AUT 2012"]
[Site "Zwettl AUT"]
[Date "2012.07.23"]
[Round "3.25"]
[White "Winiwarter,F"]
[Black "Koller,Hans-Juergen"]
[Result "1-0"]
[WhiteElo "2152"]
[BlackElo "2078"]

1.e4 c5 2.Nf3 e6 3.d4 cxd4 4.Nxd4 Nc6 5.Nc3 Qc7 6.Be2 a6 7.O-O Nf6 8.Be3 Bb4
9.f4 Bxc3 10.bxc3 Nxe4 11.Bd3 Nf6 12.Qf3 b5 13.Qg3 Bb7 14.Qxg7 Ke7 15.Nxe6 dxe6
16.Bc5+ Kd7 17.Qxf6 Rae8 18.a4 Kc8 19.axb5 Rhg8 20.Rf2 axb5 21.Be4 Rd8 22.f5 e5
23.Qh6 Rg4 24.Qe3 Rdg8 25.f6 Rxe4 26.Qxe4 Nd4 27.Qxh7 Nf3+ 28.Kf1 Nxh2+ 29.Qxh2 Qxc5
30.Qh3+ Kb8 31.Qd3 Qc6 32.Rb1 Rxg2 33.Qd8+ Bc8 34.Rxg2 Qf3+ 35.Ke1 Qe3+ 36.Kd1 Qf3+
37.Re2 Qf1+ 38.Re1 Qf3+ 39.Kc1  1-0

[Event "FIDE WGP Jermuk 2012"]
[Site "Jermuk ARM"]
[Date "2012.07.24"]
[Round "7"]
[White "Ruan Lufei"]
[Black "Danielian,E"]
[Result "1/2-1/2"]
[WhiteElo "2483"]
[BlackElo "2480"]

1.e4 c5 2.Nf3 e6 3.d4 cxd4 4.Nxd4 Nc6 5.Nc3 a6 6.Be2 Qc7 7.O-O Nf6 8.Be3 Be7
9.f4 d6 10.a4 O-O 11.Kh1 Re8 12.Bf3 Nxd4 13.Qxd4 e5 14.Qd2 exf4 15.Bxf4 Be6
16.Rfd1 Rad8 17.a5 Qc8 18.Qf2 Ng4 19.Bxg4 Bxg4 20.Rd3 Bh5 21.Nd5 Bg6 22.Rc3 Qg4
23.Qf3 Qxf3 24.gxf3 Bf8 25.Nc7 Re7 26.Rd1 f6 27.Nd5 Ree8 28.Nc7 Re7 29.Nd5 Ree8
30.Nc7 Re7 31.Nd5  1/2-1/2

[Event "23rd Czech Open A"]
[Site "Pardubice CZE"]
[Date "2012.07.24"]
[Round "5.7"]
[White "Danin,A"]
[Black "Krejci,Jan2"]
[Result "1/2-1/2"]
[WhiteElo "2525"]
[BlackElo "2476"]

1.e4 c5 2.Nf3 e6 3.d4 cxd4 4.Nxd4 Nc6 5.Nc3 Qc7 6.Be2 a6 7.O-O Nf6 8.Be3 Bb4
9.Na4 O-O 10.Nxc6 bxc6 11.f4 Rb8 12.Bd3 Be7 13.c4 d6 14.Kh1 Rd8 15.Qc2 e5
16.Rad1 Ng4 17.Bc1 Qa7 18.Qe2 exf4 19.Bxf4 Rb4 20.b3 Bh4 21.g3  1/2-1/2

[Event "45th Biel Masters Open"]
[Site "Biel SUI"]
[Date "2012.07.25"]
[Round "3"]
[White "Lampert,J"]
[Black "Shankland,S"]
[Result "0-1"]
[WhiteElo "2279"]
[BlackElo "2579"]

1.e4 c5 2.Nf3 e6 3.d4 cxd4 4.Nxd4 Nc6 5.Nc3 Qc7 6.Be2 Nf6 7.Be3 Be7 8.O-O O-O
9.f4 d6 10.Bf3 a6 11.Qe1 Nxd4 12.Bxd4 e5 13.fxe5 dxe5 14.Be3 Be6 15.Qg3 Bc5
16.Be2 Nd7 17.Kh1 Bxe3 18.Qxe3 b5 19.Rac1 Nb6 20.Rfd1 Rfd8 21.a3 h6 22.Qg3 Qc5
23.Qh4 Rd4 24.Bd3 Rad8 25.Qf2 Qc6 26.h3 Nc4 27.Nd5 Bxd5 28.c3 Bxe4 29.cxd4 Rxd4
30.Bxe4 Qxe4 31.Rxd4 exd4 32.Rd1 Ne3 33.Re1 f5 34.Qf3 Kf7 35.Qxe4 fxe4 36.Kg1 d3
37.Rxe3 d2  0-1

[Event "30th Andorra Open"]
[Site "Erts-La Massana AND"]
[Date "2012.07.25"]
[Round "5.8"]
[White "Vehi Bach,V"]
[Black "Iturrizaga,E"]
[Result "0-1"]
[WhiteElo "2362"]
[BlackElo "2628"]

1.e4 c5 2.Nf3 Nc6 3.d4 cxd4 4.Nxd4 e6 5.Nc3 Qc7 6.Be3 a6 7.Qd2 Nf6 8.O-O-O Bb4
9.f3 O-O 10.g4 b5 11.Kb1 Ne5 12.g5 Bxc3 13.Qxc3 Qxc3 14.bxc3 Nh5 15.Nb3 f5
16.gxf6 Nxf6 17.Be2 d5 18.Nc5 Ng6 19.Rd2 Nh5 20.exd5 exd5 21.Rxd5 Nhf4 22.Bxf4 Nxf4
23.Re5 Nxe2 24.Rxe2 Rxf3 25.Re8+ Rf8 26.Rhe1 Bf5 27.Rxa8 Rxa8 28.Re7 Rd8
29.Nxa6 Rd2 30.Nb4 Rxh2 31.Re5 Rh5 32.Kb2 Bg6 33.Re7 Rf5 34.Nc6 Kf8 35.Re2 Bf7
36.Nd4 Rc5 37.Rh2 Kg8 38.Rh3 g5 39.Ka3 g4 40.Rg3 h5 41.Kb4 Rg5 42.Nf3 Rf5
43.Nh4 Re5 44.c4 Bxc4 45.a4 Kf7 46.a5 Kf6 47.a6 Re8 48.Rg1 Kg5 49.Nf3+ Kf4
50.Nh4 g3 51.a7 Ra8 52.Ra1 Kg4 53.Ng2 h4 54.Rh1 Rxa7  0-1

[Event "23rd Czech Open A"]
[Site "Pardubice CZE"]
[Date "2012.07.25"]
[Round "6.83"]
[White "Teske,H"]
[Black "Wagener,Cl"]
[Result "1-0"]
[WhiteElo "2537"]
[BlackElo "2261"]

1.e4 c5 2.Nf3 e6 3.Nc3 Nc6 4.d4 cxd4 5.Nxd4 d6 6.g4 a6 7.Be3 Nge7 8.g5 Nxd4
9.Qxd4 Nc6 10.Qd2 b5 11.O-O-O Be7 12.h4 Bb7 13.f4 Qc7 14.Rh3 Rc8 15.Kb1 Na5
16.a3 Nc4 17.Bxc4 Qxc4 18.Bd4 O-O 19.f5 e5 20.f6 Bd8 21.fxg7 Kxg7 22.Be3 Ba5
23.g6 Rfd8 24.Bh6+ Kh8 25.Qg5 Qe6 26.gxf7 Qxf7 27.Rf3 Qg6 28.h5 Qxg5 29.Bxg5 Rf8
30.Bf6+  1-0

[Event "27th Avoine Open"]
[Site "Avoine FRA"]
[Date "2012.07.26"]
[Round "6.41"]
[White "Monpeurt,C"]
[Black "Julien,Jules-Alois"]
[Result "0-1"]
[WhiteElo "2045"]
[BlackElo "1827"]

1.e4 c5 2.Nf3 e6 3.d4 cxd4 4.Nxd4 Nc6 5.Nc3 Qc7 6.Be3 a6 7.Bd3 Nf6 8.O-O Ne5
9.h3 b5 10.f4 Nc4 11.Bxc4 Qxc4 12.Qd3 Bb7 13.Rad1 Rc8 14.a3 Be7 15.Bf2 O-O
16.Rfe1 Rfd8 17.Qg3 Bxa3 18.e5 Ne8 19.bxa3 Qxc3 20.Rd3 Qc7 21.f5 g6 22.h4 exf5
23.Nxf5 Kf8 24.Nd4 Ng7 25.Be3 Be4 26.Rd2 Re8 27.Bf4 Nh5 28.Qg5 Nxf4 29.Rxe4 Ne6
30.Qh6+ Kg8 31.Nf3 Qc5+ 32.Kh1 Qxa3 33.Rxd7 Rxc2 34.Ng5 Nxg5 35.hxg5 Qc1+
36.Kh2 Qf1 37.Qh3 Qf5 38.Qxf5 gxf5 39.Re1 Rc5 40.Ra1 Re6 41.Ra7 b4 42.Rd1 Kg7
43.Rdd7 Kg6 44.Rxf7 Kxg5 45.Rxh7 b3 46.Rab7 Rb5 47.Rxb5 axb5 48.Rd7 Rxe5
49.Rd3 b2 50.Rb3 Re2 51.Rxb5 Kf4 52.Rb3 Ke4 53.Rb8 f4 54.Kh3 f3 55.gxf3+ Kxf3
56.Kh4 Kf2 57.Kg4 Ke1 58.Kf3 Kd1 59.Rb7 Rd2 60.Ke3 Kc1 61.Rb8 Rc2  0-1

[Event "45th Biel Masters Open"]
[Site "Biel SUI"]
[Date "2012.07.26"]
[Round "4"]
[White "Boruchovsky,A"]
[Black "Grachev,B"]
[Result "0-1"]
[WhiteElo "2416"]
[BlackElo "2674"]

1.e4 c5 2.Nf3 Nc6 3.d4 cxd4 4.Nxd4 e6 5.Nc3 Qc7 6.Be3 a6 7.Be2 b5 8.O-O Bb7
9.f4 Na5 10.Qd3 Rc8 11.Rad1 Nc4 12.Ndxb5 axb5 13.Nxb5 Qd8 14.Bd4 Nf6 15.e5 Nd5
16.b3 Na3 17.Nd6+ Bxd6 18.exd6 Nxc2 19.Bxg7 Qb6+ 20.Kh1 Nde3 21.Rg1 Nxd1
22.Bxd1 Qf2 23.Qh3 Ne3 24.Bxh8 Nxg2 25.Qxg2 Bxg2+ 26.Rxg2 Qe1+  0-1

[Event "30th Andorra Open"]
[Site "Erts-La Massana AND"]
[Date "2012.07.26"]
[Round "6.14"]
[White "Burg,T"]
[Black "Castro,Jose VEN"]
[Result "1-0"]
[WhiteElo "2470"]
[BlackElo "2252"]

1.e4 c5 2.Nf3 Nc6 3.Nc3 e6 4.d4 cxd4 5.Nxd4 Nf6 6.Ndb5 d6 7.Bf4 e5 8.Bg5 a6
9.Na3 b5 10.Nd5 Be7 11.Bxf6 Bxf6 12.c4 b4 13.Nc2 O-O 14.Be2 Bg5 15.O-O a5
16.Qd3 Be6 17.Rfd1 Bxd5 18.cxd5 Nb8 19.Ne3 Bxe3 20.Qxe3 Nd7 21.Rac1 Nc5 22.Rxc5 dxc5
23.d6 Rc8 24.Bc4 Qb6 25.Qg5 Rce8 26.d7 Qd8 27.Bxf7+ Kxf7 28.dxe8=Q+ Qxe8
29.Rd5 Kg8 30.b3 Qf7 31.f3 a4 32.Qxe5 axb3 33.axb3 Rc8 34.Kf2 Kh8 35.h4 h6
36.h5 Qa7 37.Kg3 Qf7 38.Qf5 Qc7+ 39.Qf4 Qa7 40.Qd6 Qf7 41.Qe5 Qa7 42.Rd6  1-0

[Event "23rd Czech Open A"]
[Site "Pardubice CZE"]
[Date "2012.07.26"]
[Round "7.39"]
[White "Berchtenbreiter,M"]
[Black "Bryzgalin,K"]
[Result "0-1"]
[WhiteElo "2336"]
[BlackElo "2490"]

1.e4 c5 2.Nf3 Nc6 3.Nc3 e6 4.d4 cxd4 5.Nxd4 Qc7 6.Be2 Nf6 7.O-O Be7 8.Kh1 O-O
9.f4 d6 10.Nf3 a6 11.a4 b6 12.b3 Bb7 13.Bb2 Rfd8 14.Qe1 Nb4 15.Rc1 d5 16.e5 Ne4
17.Nxe4 dxe4 18.Nd4 Bc5 19.c3 Nd3 20.Bxd3 exd3 21.f5 Rd5 22.Qd2 exf5 23.b4 Bf8
24.Rxf5 Rxe5 25.Qxd3 Be4 26.Qg3 Bxf5 27.Nxf5 Rae8 28.c4 R8e6 29.Nh6+ Kh8  0-1

[Event "XIV ch-Gdansk Int 2012"]
[Site "Gdansk POL"]
[Date "2012.07.27"]
[Round "7.22"]
[White "Keely,L"]
[Black "Traczewski,W"]
[Result "1-0"]
[WhiteElo "1949"]
[BlackElo "1778"]

1.e4 c5 2.Nf3 e6 3.d4 cxd4 4.Nxd4 Nc6 5.Nc3 Nf6 6.Be2 Bb4 7.O-O Bxc3 8.bxc3 Nxe4
9.Bd3 Nxc3 10.Qg4 Qf6 11.Nxc6 dxc6 12.Bg5 h5 13.Bxf6 hxg4 14.Bxc3  1-0

[Event "99th ch-GBR 2012"]
[Site "North Shields ENG"]
[Date "2012.07.27"]
[Round "5.22"]
[White "Ledger,D"]
[Black "Whitfield,C"]
[Result "1-0"]
[WhiteElo "2246"]
[BlackElo "2020"]

1.e4 c5 2.Nf3 e6 3.d4 cxd4 4.Nxd4 Nc6 5.Nc3 Qc7 6.Be3 a6 7.Qd2 Nf6 8.O-O-O Bb4
9.f3 O-O 10.g4 Ne5 11.g5 Nh5 12.Rg1 Bxc3 13.Qxc3 Qxc3 14.bxc3 Ng6 15.Nb3 d5
16.exd5 exd5 17.Rxd5 Re8 18.Bd2 Be6 19.Rd4 Ne5 20.Be2 Nc6 21.Re4 g6 22.c4 f5
23.gxf6 Nxf6 24.Rf4 Nd7 25.Bc3 Rac8 26.Nd2 Nce5 27.h4 Bf7 28.h5 b5 29.hxg6 Nxg6
30.Bd3 bxc4 31.Nxc4 Nc5 32.Bxg6 Bxg6 33.Nd6 Ne6 34.Re4 Rxc3 35.Nxe8 Kf7 36.Rc4 Rxf3
37.Nd6+ Ke7 38.Nc8+ Kf7 39.Re1 a5 40.Nd6+ Kf6 41.Ne4+ Kf7 42.Rc6 Rf4 43.Nd6+ Kf6
44.Ne8+  1-0